000 00544nam a2200205 a 4500
001 BRCA_3848
005 20190320204440.0
008 161209s1921----nyu#######---#000-0#eng-#
041 _aeng
044 _anyu
050 4 _aF1215
_b.F53 1921
100 1 _aFlandrau, Charles Macomb
_d1871-1938.
_910022
245 1 0 _aViva México !
_cby Charles Macomb Flandrau.
260 _aNew York
_bD. Appleton
_c1921
300 _a294 p.
_c20 cm.
500 _aB192
651 4 _aMéxico
_vDescripción y viajes.
_910023
902 _aGFM
942 _2lcc
_cB
999 _c3576
_d3576